FRUIT AND VEGETABLE PRESERVATION PRINCIPLE AND PRACTICE (Record no. 291123)

MARC details
000 -LEADER
fixed length control field 00408pam a2200145a 44500
008 - FIXED-LENGTH DATA ELEMENTS--GENERAL INFORMATION
fixed length control field 230405s2019 xxu||||| |||| 00| 0 eng d
041 ## - LANGUAGE CODE
Language code of text/sound track or separate title ENG
100 ## - MAIN ENTRY--PERSONAL NAME
Personal name SRIVASTVA R P
245 ## - TITLE STATEMENT
Title FRUIT AND VEGETABLE PRESERVATION PRINCIPLE AND PRACTICE
250 ## - EDITION STATEMENT
Edition statement 1 ST Ed.
260 ## - PUBLICATION, DISTRIBUTION, ETC.
Place of publication, distribution, etc. NEW DELHI
Name of publisher, distributor, etc. CBS PUB
Date of publication, distribution, etc. 2019
440 ## - SERIES STATEMENT/ADDED ENTRY--TITLE
Title BHARATI KRUSHI BHANDAR ,B/4741 ,17/05/2019
700 ## - ADDED ENTRY--PERSONAL NAME
Personal name KUMAR SANJEEV
906 ## - LOCAL DATA ELEMENT F, LDF (RLIN)
a 2245

No items available.